[Event "DVM U16 2023"]
[Site "Magdeburg GER"]
[Date "2023.12.28"]
[Round "3"]
[White "Gross, Felix"]
[Black "Bräutigam, Katerina"]
[Result "0-1"]
[Termination "normal"]
[Board "4.4"]
[WhiteElo "1554"]
[BlackElo "1845"]
[WhiteClock "00:11:45"]
[BlackClock "00:01:12"]
[WhiteTeam "Bielefelder SK 1883"]
[BlackTeam "SK Doppelbauer Kiel 1910"]
[PlyCount "74"]
[WhiteFideId "34681671"]
[BlackFideId "16242980"]
[EventCountry "GER"]
[EventRounds "7"]
[EventType "team-swiss"]
[EventDate "2023.12.26"]

1. e4 {[%clk 01:30:55]} {[%emt 00:00:04]} c6 {[%clk 01:30:56]} {[%emt
00:00:05]} 2. Nc3 {[%clk 01:31:17]} {[%emt 00:00:08]} d5 {[%clk 01:31:20]}
{[%emt 00:00:06]} 3. Nf3 {[%clk 01:31:33]} {[%emt 00:00:14]} g6 {[%clk
01:31:37]} {[%emt 00:00:12]} 4. d4 {[%clk 01:31:37]} {[%emt 00:00:27]} dxe4
{[%clk 01:31:26]} {[%emt 00:00:41]} 5. Nxe4 {[%clk 01:31:55]} {[%emt 00:00:11]}
Bg7 {[%clk 01:31:39]} {[%emt 00:00:16]} 6. Bc4 {[%clk 01:31:03]} {[%emt
00:01:22]} Nf6 {[%clk 01:23:21]} {[%emt 00:08:48]} 7. Nxf6+ {[%clk 01:27:38]}
{[%emt 00:03:56]} exf6 {[%clk 01:23:27]} {[%emt 00:00:24]} 8. Qe2+ {[%clk
01:18:00]} {[%emt 00:10:08]} Qe7 {[%clk 01:23:07]} {[%emt 00:00:50]} 9. Qxe7+
{[%clk 01:18:23]} {[%emt 00:00:07]} Kxe7 {[%clk 01:23:28]} {[%emt 00:00:08]}
10. O-O {[%clk 01:18:16]} {[%emt 00:00:38]} Be6 {[%clk 01:19:22]} {[%emt
00:04:36]} 11. Re1 {[%clk 01:16:10]} {[%emt 00:02:36]} Kd7 {[%clk 01:17:48]}
{[%emt 00:02:05]} 12. b3 {[%clk 01:12:34]} {[%emt 00:04:06]} Bxc4 {[%clk
01:02:55]} {[%emt 00:15:23]} 13. bxc4 {[%clk 01:12:47]} {[%emt 00:00:17]} Na6
{[%clk 00:58:34]} {[%emt 00:04:51]} 14. Rb1 {[%clk 01:07:08]} {[%emt 00:06:09]}
b6 {[%clk 00:56:45]} {[%emt 00:02:18]} 15. Bf4 {[%clk 01:02:21]} {[%emt
00:05:16]} Rhe8 {[%clk 00:50:25]} {[%emt 00:06:50]} 16. Kf1 {[%clk 00:57:50]}
{[%emt 00:05:02]} Rxe1+ {[%clk 00:42:47]} {[%emt 00:08:08]} 17. Kxe1 {[%clk
00:57:16]} {[%emt 00:01:03]} Re8+ {[%clk 00:35:47]} {[%emt 00:07:30]} 18. Kd2
{[%clk 00:55:05]} {[%emt 00:02:42]} c5 {[%clk 00:22:33]} {[%emt 00:13:45]} 19.
c3 {[%clk 00:47:51]} {[%emt 00:07:43]} Bf8 {[%clk 00:17:35]} {[%emt 00:05:28]}
20. a4 {[%clk 00:41:22]} {[%emt 00:07:00]} Re4 {[%clk 00:10:58]} {[%emt
00:07:06]} 21. Bg3 {[%clk 00:38:39]} {[%emt 00:03:12]} Bd6 {[%clk 00:09:07]}
{[%emt 00:02:21]} 22. Bxd6 {[%clk 00:34:51]} {[%emt 00:04:18]} Kxd6 {[%clk
00:09:31]} {[%emt 00:00:06]} 23. a5 {[%clk 00:35:10]} {[%emt 00:00:12]} Kc7
{[%clk 00:07:56]} {[%emt 00:02:05]} 24. axb6+ {[%clk 00:34:36]} {[%emt
00:01:05]} axb6 {[%clk 00:08:19]} {[%emt 00:00:06]} 25. Kd3 {[%clk 00:34:38]}
{[%emt 00:00:28]} Re7 {[%clk 00:07:01]} {[%emt 00:01:48]} 26. Ne1 {[%clk
00:33:39]} {[%emt 00:01:29]} Nb8 {[%clk 00:03:40]} {[%emt 00:03:51]} 27. Nc2
{[%clk 00:32:50]} {[%emt 00:01:20]} Re8 {[%clk 00:01:13]} {[%emt 00:02:56]} 28.
Ne3 {[%clk 00:32:26]} {[%emt 00:00:53]} Nd7 {[%clk 00:01:17]} {[%emt 00:00:26]}
29. Nd5+ {[%clk 00:31:34]} {[%emt 00:01:22]} Kc6 {[%clk 00:01:22]} {[%emt
00:00:25]} 30. Ra1 {[%clk 00:30:30]} {[%emt 00:01:34]} Kb7 {[%clk 00:01:14]}
{[%emt 00:00:38]} 31. f4 {[%clk 00:29:23]} {[%emt 00:01:37]} f5 {[%clk
00:01:07]} {[%emt 00:00:37]} 32. Ne3 {[%clk 00:26:04]} {[%emt 00:03:49]} Nf6
{[%clk 00:01:11]} {[%emt 00:00:26]} 33. Rb1 {[%clk 00:25:55]} {[%emt 00:00:39]}
Ne4 {[%clk 00:01:03]} {[%emt 00:00:38]} 34. Rb2 {[%clk 00:24:18]} {[%emt
00:02:08]} Nxc3 {[%clk 00:00:48]} {[%emt 00:00:45]} 35. Rb3 {[%clk 00:12:44]}
{[%emt 00:12:04]} cxd4 {[%clk 00:00:44]} {[%emt 00:00:33]} 36. Kxd4 {[%clk
00:12:51]} {[%emt 00:00:22]} Ne2+ {[%clk 00:00:48]} {[%emt 00:00:27]} 37. Kd3
{[%clk 00:11:45]} {[%emt 00:01:36]} Nc1+ {[%clk 00:01:12]} {[%emt 00:00:06]}
0-1

[Event "DVM U16 2023"]
[Site "Magdeburg GER"]
[Date "2023.12.28"]
[Round "3"]
[White "Miller, Jonathan"]
[Black "Freude, Max"]
[Result "0-1"]
[Termination "normal"]
[Board "5.1"]
[WhiteElo "1804"]
[BlackElo "1902"]
[WhiteClock "00:02:16"]
[BlackClock "00:02:57"]
[WhiteTeam "SK Johanneum Eppendorf"]
[BlackTeam "SV Empor Berlin"]
[PlyCount "90"]
[WhiteFideId "34631585"]
[BlackFideId "16236157"]
[EventCountry "GER"]
[EventRounds "7"]
[EventType "team-swiss"]
[EventDate "2023.12.26"]

1. d4 {[%clk 01:30:50]} {[%emt 00:00:09]} Nf6 {[%clk 01:30:55]} {[%emt
00:00:06]} 2. c4 {[%clk 01:31:16]} {[%emt 00:00:03]} e6 {[%clk 01:30:52]}
{[%emt 00:00:32]} 3. Nc3 {[%clk 01:31:41]} {[%emt 00:00:06]} Bb4 {[%clk
01:31:17]} {[%emt 00:00:05]} 4. f3 {[%clk 01:32:06]} {[%emt 00:00:05]} O-O
{[%clk 01:30:27]} {[%emt 00:01:20]} 5. a3 {[%clk 01:32:27]} {[%emt 00:00:09]}
Bxc3+ {[%clk 01:29:04]} {[%emt 00:01:53]} 6. bxc3 {[%clk 01:32:51]} {[%emt
00:00:06]} c5 {[%clk 01:25:20]} {[%emt 00:04:14]} 7. e4 {[%clk 01:33:14]}
{[%emt 00:00:07]} d5 {[%clk 01:23:11]} {[%emt 00:02:39]} 8. e5 {[%clk
01:29:24]} {[%emt 00:04:20]} Nfd7 {[%clk 01:21:00]} {[%emt 00:02:41]} 9. cxd5
{[%clk 01:24:02]} {[%emt 00:05:52]} exd5 {[%clk 01:21:01]} {[%emt 00:00:29]}
10. f4 {[%clk 01:18:59]} {[%emt 00:05:33]} Nc6 {[%clk 01:08:53]} {[%emt
00:12:37]} 11. Nf3 {[%clk 01:19:04]} {[%emt 00:00:25]} cxd4 {[%clk 00:58:11]}
{[%emt 00:11:13]} 12. cxd4 {[%clk 01:19:22]} {[%emt 00:00:11]} Nb6 {[%clk
00:57:44]} {[%emt 00:00:57]} 13. h3 {[%clk 00:50:46]} {[%emt 00:29:07]} f5
{[%clk 00:52:21]} {[%emt 00:05:53]} 14. Bd2 {[%clk 00:45:32]} {[%emt 00:05:44]}
h6 {[%clk 00:49:16]} {[%emt 00:03:36]} 15. Bd3 {[%clk 00:44:47]} {[%emt
00:01:15]} Be6 {[%clk 00:48:18]} {[%emt 00:01:27]} 16. O-O {[%clk 00:42:43]}
{[%emt 00:02:34]} Nc4 {[%clk 00:47:08]} {[%emt 00:01:40]} 17. Bxc4 {[%clk
00:40:10]} {[%emt 00:03:04]} dxc4 {[%clk 00:46:36]} {[%emt 00:01:02]} 18. Bc3
{[%clk 00:40:30]} {[%emt 00:00:10]} b5 {[%clk 00:39:33]} {[%emt 00:07:34]} 19.
Qd2 {[%clk 00:37:06]} {[%emt 00:03:53]} a5 {[%clk 00:32:22]} {[%emt 00:07:41]}
20. Rab1 {[%clk 00:30:34]} {[%emt 00:07:01]} Rb8 {[%clk 00:28:45]} {[%emt
00:04:08]} 21. Rfd1 {[%clk 00:29:56]} {[%emt 00:01:08]} Bd5 {[%clk 00:25:20]}
{[%emt 00:03:57]} 22. e6 {[%clk 00:18:14]} {[%emt 00:12:12]} Bxf3 {[%clk
00:11:53]} {[%emt 00:13:57]} 23. gxf3 {[%clk 00:18:38]} {[%emt 00:00:05]} Qd5
{[%clk 00:11:59]} {[%emt 00:00:24]} 24. Kf2 {[%clk 00:18:28]} {[%emt 00:00:40]}
a4 {[%clk 00:05:32]} {[%emt 00:06:57]} 25. Rg1 {[%clk 00:18:10]} {[%emt
00:00:48]} Rf6 {[%clk 00:05:12]} {[%emt 00:00:51]} 26. Rbe1 {[%clk 00:16:03]}
{[%emt 00:02:36]} Re8 {[%clk 00:05:26]} {[%emt 00:00:16]} 27. e7 {[%clk
00:12:33]} {[%emt 00:04:01]} Rxe7 {[%clk 00:05:05]} {[%emt 00:00:51]} 28. Rxe7
{[%clk 00:12:31]} {[%emt 00:00:31]} Nxe7 {[%clk 00:05:34]} 29. Re1 {[%clk
00:12:49]} {[%emt 00:00:12]} Re6 {[%clk 00:05:04]} {[%emt 00:01:00]} 30. Re5
{[%clk 00:11:25]} {[%emt 00:01:54]} Rxe5 {[%clk 00:04:48]} {[%emt 00:00:46]}
31. fxe5 {[%clk 00:11:47]} {[%emt 00:00:08]} Kf7 {[%clk 00:04:14]} {[%emt
00:01:04]} 32. Bb4 {[%clk 00:11:09]} {[%emt 00:01:08]} Nc6 {[%clk 00:04:23]}
{[%emt 00:00:21]} 33. Bc5 {[%clk 00:10:45]} {[%emt 00:00:53]} Nxe5 {[%clk
00:04:42]} {[%emt 00:00:12]} 34. Qe3 {[%clk 00:06:02]} {[%emt 00:05:12]} Nd3+
{[%clk 00:04:47]} {[%emt 00:00:25]} 35. Kg2 {[%clk 00:06:23]} {[%emt 00:00:07]}
Nxc5 {[%clk 00:04:51]} {[%emt 00:00:28]} 36. dxc5 {[%clk 00:06:47]} {[%emt
00:00:06]} Kf6 {[%clk 00:03:45]} {[%emt 00:01:36]} 37. Qc3+ {[%clk 00:06:03]}
{[%emt 00:01:13]} Qe5 {[%clk 00:03:43]} {[%emt 00:00:33]} 38. Qb4 {[%clk
00:06:14]} {[%emt 00:00:19]} c3 {[%clk 00:03:03]} {[%emt 00:01:11]} 39. c6
{[%clk 00:06:04]} {[%emt 00:00:39]} c2 {[%clk 00:02:59]} {[%emt 00:00:34]} 40.
Qd2 {[%clk 00:03:51]} {[%emt 00:02:43]} Qc5 {[%clk 00:02:11]} {[%emt 00:01:18]}
41. Qd8+ {[%clk 00:03:25]} {[%emt 00:00:56]} Kg6 {[%clk 00:02:27]} {[%emt
00:00:14]} 42. c7 {[%clk 00:01:21]} {[%emt 00:02:34]} c1=Q {[%clk 00:02:43]}
{[%emt 00:00:14]} 43. Qe8+ {[%clk 00:01:45]} {[%emt 00:00:06]} Kh7 {[%clk
00:02:55]} {[%emt 00:00:17]} 44. Qe6 {[%clk 00:02:01]} {[%emt 00:00:15]} Qd2+
{[%clk 00:02:57]} {[%emt 00:00:28]} 45. Kg3 {[%clk 00:02:16]} {[%emt 00:00:15]}
Qcf2# {[%emt 00:00:07]} 0-1

[Event "DVM U16 2023"]
[Site "Magdeburg GER"]
[Date "2023.12.28"]
[Round "3"]
[White "Nitsche, Nikolai"]
[Black "Laucht, Philipp"]
[Result "1-0"]
[Termination "normal"]
[Board "5.2"]
[WhiteElo "1874"]
[BlackElo "1661"]
[WhiteClock "00:25:30"]
[BlackClock "00:27:01"]
[WhiteTeam "SV Empor Berlin"]
[BlackTeam "SK Johanneum Eppendorf"]
[PlyCount "103"]
[WhiteFideId "16221036"]
[BlackFideId "16244869"]
[EventCountry "GER"]
[EventRounds "7"]
[EventType "team-swiss"]
[EventDate "2023.12.26"]

1. Nf3 {[%clk 01:30:55]} {[%emt 00:00:04]} Nf6 {[%clk 01:30:48]} {[%emt
00:00:13]} 2. g3 {[%clk 01:29:01]} {[%emt 00:02:25]} d5 {[%clk 01:28:57]}
{[%emt 00:02:20]} 3. Bg2 {[%clk 01:28:44]} {[%emt 00:00:47]} c6 {[%clk
01:29:02]} {[%emt 00:00:24]} 4. O-O {[%clk 01:28:53]} {[%emt 00:00:22]} Bf5
{[%clk 01:28:57]} {[%emt 00:00:35]} 5. d3 {[%clk 01:28:41]} {[%emt 00:00:42]}
e6 {[%clk 01:27:02]} {[%emt 00:02:25]} 6. c3 {[%clk 01:24:13]} {[%emt
00:04:58]} h6 {[%clk 01:25:27]} {[%emt 00:02:04]} 7. Qb3 {[%clk 01:23:44]}
{[%emt 00:01:00]} Qb6 {[%clk 01:14:05]} {[%emt 00:11:52]} 8. Bf4 {[%clk
01:08:36]} {[%emt 00:15:37]} Nbd7 {[%clk 01:13:17]} {[%emt 00:01:18]} 9. Ne5
{[%clk 01:04:59]} {[%emt 00:04:07]} Nxe5 {[%clk 01:08:26]} {[%emt 00:05:21]}
10. Bxe5 {[%clk 01:05:19]} {[%emt 00:00:10]} Be7 {[%clk 01:07:38]} {[%emt
00:01:18]} 11. Nd2 {[%clk 01:05:03]} {[%emt 00:00:47]} O-O {[%clk 01:07:08]}
{[%emt 00:00:58]} 12. h3 {[%clk 00:53:58]} {[%emt 00:11:36]} Nd7 {[%clk
01:04:57]} {[%emt 00:02:41]} 13. Bf4 {[%clk 00:49:50]} {[%emt 00:04:39]} Nc5
{[%clk 01:03:06]} {[%emt 00:02:21]} 14. Qc2 {[%clk 00:47:33]} {[%emt 00:02:47]}
a5 {[%clk 00:57:52]} {[%emt 00:05:44]} 15. c4 {[%clk 00:38:14]} {[%emt
00:09:49]} Nd7 {[%clk 00:45:04]} {[%emt 00:13:18]} 16. g4 {[%clk 00:33:35]}
{[%emt 00:05:10]} Bh7 {[%clk 00:44:06]} {[%emt 00:01:27]} 17. Rac1 {[%clk
00:32:31]} {[%emt 00:01:34]} a4 {[%clk 00:41:45]} {[%emt 00:02:52]} 18. cxd5
{[%clk 00:30:02]} {[%emt 00:02:59]} exd5 {[%clk 00:38:19]} {[%emt 00:03:56]}
19. e4 {[%clk 00:29:37]} {[%emt 00:00:55]} dxe4 {[%clk 00:33:42]} {[%emt
00:05:07]} 20. dxe4 {[%clk 00:29:54]} {[%emt 00:00:13]} Rfe8 {[%clk 00:22:50]}
{[%emt 00:11:21]} 21. Nc4 {[%clk 00:21:34]} {[%emt 00:08:50]} Qa7 {[%clk
00:18:10]} {[%emt 00:05:11]} 22. Ne3 {[%clk 00:21:10]} {[%emt 00:00:54]} Nf6
{[%clk 00:13:48]} {[%emt 00:04:51]} 23. Nf5 {[%clk 00:21:08]} {[%emt 00:00:31]}
Bxf5 {[%clk 00:11:17]} {[%emt 00:03:03]} 24. gxf5 {[%clk 00:17:33]} {[%emt
00:04:05]} Rad8 {[%clk 00:10:31]} {[%emt 00:01:16]} 25. e5 {[%clk 00:15:51]}
{[%emt 00:02:13]} Nd5 {[%clk 00:10:27]} {[%emt 00:00:33]} 26. Bxd5 {[%clk
00:14:38]} {[%emt 00:01:43]} Rxd5 {[%clk 00:10:10]} {[%emt 00:00:47]} 27. f6
{[%clk 00:14:07]} {[%emt 00:01:00]} Bf8 {[%clk 00:07:01]} {[%emt 00:03:39]} 28.
Rfd1 {[%clk 00:08:33]} {[%emt 00:06:05]} Red8 {[%clk 00:05:35]} {[%emt
00:01:57]} 29. Rxd5 {[%clk 00:07:19]} {[%emt 00:01:44]} Rxd5 {[%clk 00:05:56]}
{[%emt 00:00:08]} 30. e6 {[%clk 00:06:42]} {[%emt 00:01:08]} fxe6 {[%clk
00:04:44]} {[%emt 00:01:41]} 31. Qe4 {[%clk 00:05:06]} {[%emt 00:02:06]} e5
{[%clk 00:03:15]} {[%emt 00:01:59]} 32. Bxe5 {[%clk 00:04:53]} {[%emt
00:00:42]} Qa5 {[%clk 00:02:49]} {[%emt 00:00:57]} 33. Re1 {[%clk 00:03:59]}
{[%emt 00:01:25]} Qd2 {[%clk 00:01:33]} {[%emt 00:01:45]} 34. Bf4 {[%clk
00:02:28]} {[%emt 00:02:01]} Qxb2 {[%clk 00:01:10]} {[%emt 00:00:53]} 35. f7+
{[%clk 00:01:59]} {[%emt 00:00:59]} Kh8 {[%clk 00:01:27]} {[%emt 00:00:13]} 36.
Be5 {[%clk 00:01:18]} {[%emt 00:01:11]} Qb4 {[%clk 00:00:51]} {[%emt 00:01:06]}
37. Qxb4 {[%clk 00:00:43]} {[%emt 00:01:06]} Bxb4 {[%clk 00:01:16]} {[%emt
00:00:05]} 38. Bc3 {[%clk 00:01:07]} {[%emt 00:00:05]} Rg5+ {[%clk 00:01:03]}
{[%emt 00:00:43]} 39. Kh1 {[%clk 00:01:06]} {[%emt 00:00:32]} Rf5 {[%clk
00:00:35]} {[%emt 00:00:57]} 40. Bxb4 {[%clk 00:01:01]} {[%emt 00:00:35]} Rxf7
{[%clk 00:01:01]} {[%emt 00:00:04]} 41. Kg2 {[%clk 00:29:05]} {[%emt 00:02:25]}
Kh7 {[%clk 00:28:37]} {[%emt 00:02:54]} 42. Re4 {[%clk 00:25:01]} {[%emt
00:04:34]} b6 {[%clk 00:26:27]} {[%emt 00:02:40]} 43. Ba3 {[%clk 00:23:45]}
{[%emt 00:01:45]} b5 {[%clk 00:26:06]} {[%emt 00:00:51]} 44. Re6 {[%clk
00:24:09]} {[%emt 00:00:06]} Rc7 {[%clk 00:26:24]} {[%emt 00:00:13]} 45. Bc5
{[%clk 00:24:18]} {[%emt 00:00:21]} g5 {[%clk 00:26:10]} {[%emt 00:00:43]} 46.
a3 {[%clk 00:24:08]} {[%emt 00:00:40]} Rc8 {[%clk 00:26:06]} {[%emt 00:00:34]}
47. Kf3 {[%clk 00:24:22]} {[%emt 00:00:16]} Kg7 {[%clk 00:26:23]} {[%emt
00:00:13]} 48. Kg4 {[%clk 00:24:25]} {[%emt 00:00:28]} Kh7 {[%clk 00:26:13]}
{[%emt 00:00:39]} 49. Kh5 {[%clk 00:24:43]} {[%emt 00:00:13]} Kg7 {[%clk
00:26:32]} {[%emt 00:00:11]} 50. Rxh6 {[%clk 00:25:00]} {[%emt 00:00:13]} Rd8
{[%clk 00:26:45]} {[%emt 00:00:17]} 51. Rxc6 {[%clk 00:25:15]} {[%emt
00:00:15]} g4 {[%clk 00:27:01]} {[%emt 00:00:14]} 52. hxg4 {[%clk 00:25:30]}
{[%emt 00:00:15]} 1-0

[Event "DVM U16 2023"]
[Site "Magdeburg GER"]
[Date "2023.12.28"]
[Round "3"]
[White "Miller, Elias"]
[Black "Stein, Theodor"]
[Result "0-1"]
[Termination "normal"]
[Board "5.3"]
[WhiteElo "1410"]
[BlackElo "1700"]
[WhiteClock "00:29:29"]
[BlackClock "00:32:20"]
[WhiteTeam "SK Johanneum Eppendorf"]
[BlackTeam "SV Empor Berlin"]
[PlyCount "86"]
[WhiteFideId "34623590"]
[BlackFideId "34602801"]
[EventCountry "GER"]
[EventRounds "7"]
[EventType "team-swiss"]
[EventDate "2023.12.26"]

1. d4 {[%clk 01:30:59]} Nf6 {[%clk 01:30:56]} {[%emt 00:00:05]} 2. c4 {[%clk
01:31:22]} {[%emt 00:00:06]} g6 {[%clk 01:31:23]} {[%emt 00:00:03]} 3. Nc3
{[%clk 01:31:35]} {[%emt 00:00:16]} Bg7 {[%clk 01:31:49]} {[%emt 00:00:05]} 4.
e4 {[%clk 01:31:37]} {[%emt 00:00:27]} d6 {[%clk 01:32:15]} {[%emt 00:00:05]}
5. Be2 {[%clk 01:31:54]} {[%emt 00:00:13]} O-O {[%clk 01:32:39]} {[%emt
00:00:06]} 6. Nf3 {[%clk 01:31:48]} {[%emt 00:00:35]} e5 {[%clk 01:32:39]}
{[%emt 00:00:31]} 7. O-O {[%clk 01:31:44]} {[%emt 00:00:33]} exd4 {[%clk
01:33:02]} {[%emt 00:00:08]} 8. Nxd4 {[%clk 01:32:08]} {[%emt 00:00:06]} Re8
{[%clk 01:33:29]} {[%emt 00:00:04]} 9. Bf3 {[%clk 01:29:47]} {[%emt 00:02:50]}
Nbd7 {[%clk 01:30:53]} {[%emt 00:03:07]} 10. g3 {[%clk 01:29:07]} {[%emt
00:01:10]} Nb6 {[%clk 01:12:04]} {[%emt 00:19:18]} 11. b3 {[%clk 01:25:03]}
{[%emt 00:04:35]} c6 {[%clk 01:01:10]} {[%emt 00:11:23]} 12. Ba3 {[%clk
01:09:54]} {[%emt 00:15:39]} Bg4 {[%clk 00:56:53]} {[%emt 00:04:47]} 13. Bxg4
{[%clk 01:04:27]} {[%emt 00:05:58]} Nxg4 {[%clk 00:56:39]} {[%emt 00:00:45]}
14. Qxg4 {[%clk 01:04:33]} {[%emt 00:00:24]} Bxd4 {[%clk 00:56:57]} {[%emt
00:00:12]} 15. Rac1 {[%clk 01:04:20]} {[%emt 00:00:42]} Qf6 {[%clk 00:40:39]}
{[%emt 00:16:48]} 16. Ne2 {[%clk 00:56:10]} {[%emt 00:08:39]} h5 {[%clk
00:37:33]} {[%emt 00:03:37]} 17. Qf4 {[%clk 00:54:20]} {[%emt 00:02:20]} Qxf4
{[%clk 00:37:58]} {[%emt 00:00:05]} 18. Nxf4 {[%clk 00:54:32]} {[%emt
00:00:17]} Rxe4 {[%clk 00:37:44]} {[%emt 00:00:45]} 19. Bxd6 {[%clk 00:54:16]}
{[%emt 00:00:46]} Rae8 {[%clk 00:18:31]} {[%emt 00:19:44]} 20. Rfd1 {[%clk
00:51:17]} {[%emt 00:03:28]} Be5 {[%clk 00:17:06]} {[%emt 00:01:56]} 21. Bxe5
{[%clk 00:48:40]} {[%emt 00:03:07]} R4xe5 {[%clk 00:17:29]} {[%emt 00:00:06]}
22. Kg2 {[%clk 00:48:37]} {[%emt 00:00:34]} Kg7 {[%emt 00:01:05]} 23. Rd6
{[%clk 00:48:08]} {[%emt 00:00:56]} a5 {[%clk 00:09:26]} {[%emt 00:08:01]} 24.
c5 {[%clk 00:36:51]} {[%emt 00:11:47]} Nd5 {[%clk 00:04:48]} {[%emt 00:05:08]}
25. Nxd5 {[%clk 00:36:34]} {[%emt 00:00:47]} Rxd5 {[%clk 00:04:50]} {[%emt
00:00:28]} 26. Rxd5 {[%clk 00:35:30]} {[%emt 00:01:34]} cxd5 {[%clk 00:05:16]}
{[%emt 00:00:04]} 27. Rd1 {[%clk 00:34:48]} {[%emt 00:01:12]} Re5 {[%clk
00:02:52]} {[%emt 00:02:54]} 28. a3 {[%clk 00:32:49]} {[%emt 00:02:28]} Kf6
{[%clk 00:02:37]} {[%emt 00:00:45]} 29. Kf3 {[%clk 00:30:38]} {[%emt 00:02:41]}
Ke6 {[%clk 00:02:47]} {[%emt 00:00:21]} 30. Rd4 {[%clk 00:20:05]} {[%emt
00:11:03]} Re1 {[%clk 00:03:12]} {[%emt 00:00:05]} 31. Ra4 {[%clk 00:09:12]}
{[%emt 00:11:22]} Rb1 {[%clk 00:03:36]} {[%emt 00:00:05]} 32. b4 {[%clk
00:08:25]} {[%emt 00:01:18]} Rb3+ {[%clk 00:03:02]} {[%emt 00:01:05]} 33. Kf4
{[%clk 00:07:46]} {[%emt 00:01:09]} f6 {[%clk 00:03:26]} {[%emt 00:00:05]} 34.
h4 {[%clk 00:07:47]} {[%emt 00:00:29]} axb4 {[%clk 00:02:59]} {[%emt 00:00:57]}
35. Rxb4 {[%clk 00:07:33]} {[%emt 00:00:44]} g5+ {[%clk 00:01:40]} {[%emt
00:01:49]} 36. hxg5 {[%clk 00:07:46]} {[%emt 00:00:17]} fxg5+ {[%clk 00:02:07]}
{[%emt 00:00:04]} 37. Kxg5 {[%clk 00:08:06]} {[%emt 00:00:09]} Rxb4 {[%clk
00:02:34]} {[%emt 00:00:03]} 38. axb4 {[%clk 00:08:32]} {[%emt 00:00:05]} d4
{[%clk 00:02:52]} {[%emt 00:00:12]} 39. Kf4 {[%clk 00:06:57]} {[%emt 00:02:04]}
Kd5 {[%clk 00:03:18]} {[%emt 00:00:04]} 40. Kf3 {[%clk 00:00:46]} {[%emt
00:06:41]} Kc4 {[%clk 00:03:34]} {[%emt 00:00:14]} 41. g4 {[%clk 00:28:42]}
{[%emt 00:02:34]} hxg4+ {[%clk 00:31:53]} {[%emt 00:02:10]} 42. Kxg4 {[%clk
00:29:00]} {[%emt 00:00:13]} d3 {[%clk 00:32:08]} {[%emt 00:00:15]} 43. Kf3
{[%clk 00:29:29]} Kc3 {[%clk 00:32:20]} {[%emt 00:00:18]} 0-1